Detalles MARC
| 000 -LEADER |
| fixed length control field |
02200nam a2200493Ii 4500 |
| 001 - CONTROL NUMBER |
| control field |
DIGANT0239 |
| 003 - CONTROL NUMBER IDENTIFIER |
| control field |
NyNyDIG |
| 006 - FIXED-LENGTH DATA ELEMENTS--ADDITIONAL MATERIAL CHARACTERISTICS |
| fixed length control field |
m o d |
| 007 - PHYSICAL DESCRIPTION FIXED FIELD--GENERAL INFORMATION |
| fixed length control field |
cr ||||||||||| |
| 008 - FIXED-LENGTH DATA ELEMENTS--GENERAL INFORMATION |
| fixed length control field |
120901s2010 sp ob 000 0 spa d |
| 020 ## - INTERNATIONAL STANDARD BOOK NUMBER |
| Canceled/invalid ISBN |
8476589689 |
| 020 ## - INTERNATIONAL STANDARD BOOK NUMBER |
| Canceled/invalid ISBN |
9788476589687 |
| 035 ## - SYSTEM CONTROL NUMBER |
| System control number |
(OCoLC)888254238 |
| 040 ## - CATALOGING SOURCE |
| Original cataloging agency |
DGITA |
| Language of cataloging |
eng |
| Description conventions |
pn |
| Transcribing agency |
DGITA |
| 043 ## - GEOGRAPHIC AREA CODE |
| Geographic area code |
e-sp--- |
| 050 14 - LIBRARY OF CONGRESS CALL NUMBER |
| Classification number |
BX1583 eBook |
| 245 00 - TITLE STATEMENT |
| Title |
Religion y laicismo hoy : |
| Remainder of title |
en torno a Teresa de Ávila / |
| Statement of responsibility, etc. |
Rafael Díaz-Salazar ... [et al.]. |
| 246 30 - VARYING FORM OF TITLE |
| Title proper/short title |
En torno a Teresa de Ávila |
| 250 ## - EDITION STATEMENT |
| Edition statement |
1. ed. |
| 264 #1 - PRODUCTION, PUBLICATION, DISTRIBUTION, MANUFACTURE, AND COPYRIGHT NOTICE |
| Place of production, publication, distribution, manufacture |
Rubí, Barcelona : |
| Name of producer, publisher, distributor, manufacturer |
Anthropos Editorial, |
| Date of production, publication, distribution, manufacture, or copyright notice |
2010. |
| 300 ## - PHYSICAL DESCRIPTION |
| Extent |
1 online resource (143 pages) |
| 336 ## - CONTENT TYPE |
| Content type term |
text |
| Content type code |
txt |
| Source |
rdacontent |
| 337 ## - MEDIA TYPE |
| Media type term |
computer |
| Media type code |
c |
| Source |
rdamedia |
| 338 ## - CARRIER TYPE |
| Carrier type term |
online resource |
| Carrier type code |
cr |
| Source |
rdacarrier |
| 490 1# - SERIES STATEMENT |
| Series statement |
Pensamiento crítico/pensamiento utópico ; |
| Volume/sequential designation |
192 |
| 490 1# - SERIES STATEMENT |
| Series statement |
Colección Cátedra Santo Tomás. |
| -- |
Religion y Cultura |
| 504 ## - BIBLIOGRAPHY, ETC. NOTE |
| Bibliography, etc. note |
Includes bibliographical footnotes. |
| 505 0# - FORMATTED CONTENTS NOTE |
| Formatted contents note |
Las relaciones de la Iglesia española con el poder político en la España contemporánea / por Teodoro González, O.P. -- Cómo entender lo de la aconfesionalidad del Estado español / por Rafael Díaz-Salazar -- La religión y laicismo en la tradición laica española / por Rafael Díaz-Salazar -- La religión en una sociedad postsecular / por Reyes Mate -- La lengua en pedazos / por Juan Mayorga. |
| 650 #0 - SUBJECT ADDED ENTRY--TOPICAL TERM |
| Topical term or geographic name entry element |
Laicism |
| Geographic subdivision |
Spain |
| General subdivision |
History. |
| 650 #0 - SUBJECT ADDED ENTRY--TOPICAL TERM |
| Topical term or geographic name entry element |
Secularism |
| Geographic subdivision |
Spain |
| General subdivision |
History. |
| 650 #0 - SUBJECT ADDED ENTRY--TOPICAL TERM |
| Topical term or geographic name entry element |
Church and state |
| Geographic subdivision |
Spain |
| General subdivision |
History. |
| 610 20 - SUBJECT ADDED ENTRY--CORPORATE NAME |
| Corporate name or jurisdiction name as entry element |
Catholic Church |
| Geographic subdivision |
Spain |
| General subdivision |
History. |
| 600 00 - SUBJECT ADDED ENTRY--PERSONAL NAME |
| Personal name |
Teresa, |
| Titles and other words associated with a name |
of Avila, Saint, |
| Dates associated with a name |
1515-1582. |
| 650 #0 - SUBJECT ADDED ENTRY--TOPICAL TERM |
| Topical term or geographic name entry element |
Religion and politics |
| General subdivision |
History. |
| 655 #0 - INDEX TERM--GENRE/FORM |
| Genre/form data or focus term |
Electronic books. |
| 700 1# - ADDED ENTRY--PERSONAL NAME |
| Personal name |
Díaz-Salazar, Rafael. |
| 791 2# - |
| -- |
Digitalia (Firm), |
| -- |
distributor. |
| 793 0# - |
| -- |
Digitalia eBook Collection: |
| -- |
Anthropos |
| 830 #0 - SERIES ADDED ENTRY--UNIFORM TITLE |
| Uniform title |
Pensamiento crítico/pensamiento utópico ; |
| Volume/sequential designation |
192. |
| 830 #0 - SERIES ADDED ENTRY--UNIFORM TITLE |
| Uniform title |
Pensamiento crítico/pensamiento utópico. |
| Name of part/section of a work |
Colección Cátedra Santo Tomás. Religion y Cultura. |
| 856 40 - ELECTRONIC LOCATION AND ACCESS |
| Materials specified |
Digitalia Hispánica |
| Uniform Resource Identifier |
<a href="https://www.digitaliapublishing.com/a/13333/">https://www.digitaliapublishing.com/a/13333/</a> |
| 910 ## - USER-OPTION DATA (OCLC) |
| User-option data |
Premium Collection: 2007-2012 |
| 942 ## - ADDED ENTRY ELEMENTS (KOHA) |
| Koha item type |
Recurso Electrónico |